000 01183nem0a2200325 4500
001 RU\NLR\cart\7951
005 20250614031124.0
010 _a978-5-17-075044-3
035 _a(NLR Aleph) 010295530
090 _a10569381
_c10569381
100 _a20121120d2012 |||y0rusy50 ca
101 0 _arus
102 _aRU
120 _abya xx||
123 1 _aa
_b13 500 000
200 1 _aПолитическая карта России
_bКарты
206 _a1:13 500 000, 135 км в 1 см
210 _aМосква
_cАстрель
_d2012
215 _a2 к. (1 л.)
_cцв.
_d45х63 см, слож. 16х11 см
300 _aНа обороте л.: Физическая карта России.- 1:16 000 000
309 _aДвусторон. печать
509 0 1 _7ca
_aРоссийская Федерация
_92633320
_3RU\NLR\auth_crt\55137
606 0 _aПолитико-административные
_92178088
_3RU\NLR\auth_crt\66170
606 0 _aФлаги
_92178362
_3RU\NLR\auth_crt\66283
620 _aРоссия
801 0 _aRU
_bNLR
_c20121120
_gPSBO
852 _aNLR
_bК
_j4-Союз 2/4610
_m12-213
_t12-213а
942 _cMAP
980 _aNB